000 00551nam a2200181 i 4500
001 184488
003 ES-MaACL
005 20230906222217.0
008 150911s2011 sp |||| | spa d
080 _a349
100 1 _aLluís y Navas, Jaime.
_972976
245 1 3 _aLa causa en las relaciones colectivas de trabajo /
_cJaime Lluís y Navas.
260 _aBarcelona :
_b[J. Lluís y Navas],
_c2011.
300 _a22 p. ;
_c21 cm.
504 _aBibliografía: p. 21-22.
650 4 _aConvenios colectivos.
_9151760
852 _aES-MaACL
_j2332-F-28
999 _c184488
_d184488